000 00371nam a2200133Ia 4500
008 240624s9999 xx 000 0 und d
041 _aeng
082 _a330.9 CHA
100 _aCHARPE MATTHIEU
245 _aFINANCIAL ASSETS DEBT AND LIQUIDITY CRIS
260 _c2011
_aNew Delhi
_bCambridge University Press
300 _axxiv, : 432 : p. : cm. ; 25
365 _cBPS
_b38
999 _c28246
_d28246